000 00725nam a2200193Ia 4500
008 151121s9999||||xx |||||||||||||| ||und||
082 _a001/गोखले
082 _bHNW-66025
100 _aगोखले गो। सी।
245 _aज्ञानसागरातील शिंपले-भाग-5
260 _b"नितीन प्रकाशन, पुणे।"
260 _c--
300 _a200
600 _aगोखले गो। सी।
630 _aज्ञानसागरातील शिंपले-भाग-5
700 _aगोखले गो। सी।
730 _aज्ञानसागरातील शिंपले-भाग-5
942 _cBOOK
999 _c1247522
_d1247519